Thomson v City of Glasgow DC (Record no. 311)

MARC details
000 -LEADER
fixed length control field 01267cab a2200205 4500
001 - CONTROL NUMBER
control field ##ABS36846
008 - FIXED-LENGTH DATA ELEMENTS--GENERAL INFORMATION
fixed length control field 090401t1986 xxu||||| |||| 00| 0 eng d
035 ## - SYSTEM CONTROL NUMBER
System control number (Sirsi) u628
041 0# - LANGUAGE CODE
Language code of text/sound track or separate title eng
245 00 - TITLE STATEMENT
Title Thomson v City of Glasgow DC
260 ## - PUBLICATION, DISTRIBUTION, ETC.
Date of publication, distribution, etc. 1986
350 ## - PRICE (NR) (BK AM CF MU VM SE) [OBSOLETE]
Price 0
490 #0 - SERIES STATEMENT
Series statement Scots Law Times
Volume/sequential designation (1986) 19 September 1986, p6-10 (5)
520 ## - SUMMARY, ETC.
Summary, etc. LT Scotland 10 June 1986. An application by T to purchase an apartment in a council hostel on the grounds that it was part of a dwelling house under the Tenants' Rights Etc (Scotland) Act 1980 s82. The tenant occupied the apartment primarily as a bedroom, other living activities such as eating and bathing were carried out in other parts of the hostel which were communal. G refused T`s application and he applied to the LT for an order under s3(4) of the Act finding that he had a right to purchase. Held that the apartment was not a separate dwelling under the terms of s10(1)(a) of the Act. T`s application refused.
650 24 - SUBJECT ADDED ENTRY--TOPICAL TERM
Topical term or geographic name entry element TENANTS RIGHTS ETC (SCOTLAND) ACT 1980 S82
651 #4 - SUBJECT ADDED ENTRY--GEOGRAPHIC NAME
Geographic name Scotland
Chronological subdivision 1999-
690 ## - LOCAL SUBJECT ADDED ENTRY--TOPICAL TERM (OCLC, RLIN)
Topical term or geographic name as entry element PROPERTY-RESIDENTIAL PROPERTY-LEASEHOLD RESIDENTIAL PROPERTY-RESIDENTIAL LANDLORD AND TENANT-RESIDENTIAL LEASES-RESIDENTIAL LEASEHOLD ENFRANCHISEMENT
942 ## - ADDED ENTRY ELEMENTS (KOHA)
Suppress in OPAC 0
948 ## - LOCAL PROCESSING INFORMATION (OCLC); SERIES PART DESIGNATOR (RLIN)
c (OCLC) 04/03/1997
Holdings
Withdrawn status Lost status Source of classification or shelving scheme Damaged status Not for loan Home library Current library Shelving location Date acquired Total Checkouts Full call number Barcode Date last seen Copy number Price effective from Koha item type
    Dewey Decimal Classification     London London Journal article 14/09/1999   ABS36846 628-1001 06/08/2019 1 06/08/2019 Law report